000 00494nam a22001697a 4500
003 OSt
005 20260223105942.0
008 241128b |||||||| |||| 00| 0 eng d
020 _a9781009182249
040 _aSRHU
_bEnglish
_cSRHU
082 _223rd
_a616.890012
245 _aMaking Sense Of The ICD-11 For Mental health Professionals
_cTyrer; Peter .
250 _a1st
260 _aU K
_bCambridge University Press
_c2023
300 _avii,150p
_c22cm
942 _2ddc
_cPSYCHIA
_e1st
999 _c19267
_d19267